Quizzes
Events
Quiz Creation
Community
Videos
Private Events
Remove Ads
Sign In
Join for FREE
Feedback
Dark Mode
Quiz Categories
Sports
Geography
Music
Movies
Television
Just For Fun
Miscellaneous
History
Literature
Language
Science
Gaming
Entertainment
Religion
Holiday
For Kids
Quiz Lab
Recent
Popular Today
Quiz Kudos Today
Editor Picks
Curator Picks
Quizzes by...
Day
Popularity
Type
Ratings
Length
Year
Community
Subscriptions
Recent Discussions
Orange Saloon
Badges
Playlists
Quests
Create
Leaderboards
Showdown
Live 5
Trivia Bingo
Activity
Puzzle Library
Sporcle Events
Private Events
Virtual Trivia
Globe League
Become a Host
Pub Owners
SporcleCon
Opinionation
Our Games
Videos
Blog
Mobile Apps
Partnerships
Remove Ads and Go Orange
Feedback
Sports
Athletes
MLB
NBA
NHL
NFL
Soccer
Sports Teams
WWE
NCAA
Football
Premier League
Basketball
Baseball
Hockey
Golf
Tennis
Cricket
Rugby
Auto Racing
Olympics
World Cup
Sports
Athletes
MLB
NBA
NHL
NFL
Soccer
Sports Teams
WWE
NCAA
Football
Premier League
Basketball
Baseball
Hockey
Golf
Tennis
Cricket
Rugby
Auto Racing
Olympics
World Cup
Random Quiz
Search Sporcle
×
Quiz Lab
Quiz Lab
Sports
Rugby
Type in answers that appear in a list
Type in answers that appear in a list
Classic
Best Score? Go Orange.
Rugby - Sélectionnés en équipe de France depuis 2000 Stats
Citez tous les joueurs sélectionnés en équipe de France de rugby depuis 2000?
By
thalam56
20m
262 Questions
2,082 Plays
2,082 Plays
2,082 Plays
Comments
Comments
Give Quiz Kudos
Give Quiz Kudos
-
- Ratings
hide this ad
Replay
Link that replays current quiz
Next Quiz
Link to next quiz in quiz playlist
You Got
0%
They Got
Avg Score
50%
Avg Friend Score
Upgrade to see
Score Distribution
Jump to the score distribution portion of the page
Score
0/262
Timer
20:00
0
Plays Today
Première sélection - Dernière sélect
Joueur
% Correct
2002 -
2013
Vincent Clerc
90.3%
2001 -
2015
Frédéric Michalak
89.4%
1991 -
2003
Fabien Galthié
89%
1996 -
2007
Raphaël Ibanez
88.9%
2008 -
2015
Morgan Parra
88.6%
2000 -
2011
Sébastien Chabal
88.5%
2016 -
2016
Vincent Pelo
87.1%
2006 -
2015
Thierry Dusautoir
86%
1994 -
2000
Émile Ntamack
85.9%
2001 -
2001
Francis Ntamack
85.9%
2001 -
2012
Aurélien Rougerie
85.5%
1997 -
2007
Serge Betsen
84.8%
1998 -
2007
Christophe Dominici
84.8%
2001 -
2011
Yannick Jauzion
84.4%
1995 -
2007
Fabien Pelous
84.2%
2002 -
2012
Dimitri Yachvili
84.1%
2002 -
2012
Imanol Harinordoquy
83.5%
2004 -
2012
William Servat
82.7%
2017 -
2017
Antoine Dupont
82.7%
2003 -
2015
Nicolas Mas
82.6%
2001 -
2012
Clément Poitrenaud
82.1%
2008 -
2016
Maxime Médard
81.5%
2001 -
2011
Damien Traille
81.3%
2008 -
2017
Guilhem Guirado
81.3%
2008 -
2017
Louis Picamoles
80.3%
2001 -
2004
Yannick Bru
80%
2000 -
2011
Cédric Heymans
79.8%
2000 -
2012
Lionel Nallet
79.7%
2008 -
2017
François Trinh-Duc
79.6%
2009 -
2015
Mathieu Bastareaud
79.6%
1997 -
2007
Olivier Magne
79.4%
2012 -
2016
Wesley Fofana
78.4%
1999 -
2007
Pieter de Villiers
77.6%
2000 -
2008
Jean-Baptiste Élissalde
76.8%
1998 -
2011
Sylvain Marconnet
75.7%
2004 -
2012
Julien Bonnaire
75.6%
1996 -
2001
Christophe Lamaison
75.5%
2004 -
2015
Pascal Papé
75.3%
2004 -
2015
Dimitri Szarzewski
75.1%
1997 -
2007
Pierre Mignoni
74.8%
2013 -
2017
Camille Lopez
74.4%
2010 -
2017
Yoann Huget
74.1%
2012 -
2017
Brice Dulin
73.7%
2003 -
2011
Jérôme Thion
73.7%
2004 -
2015
Yannick Nyanga
73.1%
2017 -
2017
Damian Penaud
73.1%
1992 -
2000
Alain Penaud
73%
1992 -
2001
Philippe Bernat-Salles
72.8%
2014 -
2014
Brice Mach
72.7%
1996 -
2006
Thomas Lièvremont
72.7%
2008 -
2008
Matthieu Lièvremont
72.7%
2013 -
2017
Rabah Slimani
72.3%
2007 -
2015
Fulgence Ouedraogo
72%
2001 -
2012
Jean-Baptiste Poux
71.9%
1994 -
2007
Christian Califano
71.4%
2013 -
2017
Gaël Fickou
71.3%
2005 -
2013
Florian Fritz
71%
2005 -
2011
David Marty
70.5%
2014 -
2016
Teddy Thomas
70.5%
2013 -
2017
Bernard Le Roux
70.5%
1990 -
2001
Abdelatif Benazzi
70%
2012 -
2017
Maxime Machenaud
69.8%
2016 -
2017
Virimi Vakatawa
69.4%
2016 -
2017
Baptiste Serin
68.8%
2014 -
2017
Uini Atonio
68.8%
2001 -
2011
David Skrela
68.4%
2014 -
2017
Jules Plisson
68.3%
2007 -
2012
Lionel Beauxis
68.2%
1995 -
2007
Thomas Castaignède
67.8%
2008 -
2016
Maxime Mermoz
67.6%
2014 -
2017
Scott Spedding
67%
2014 -
2015
Rory Kockott
66.9%
2016 -
2017
Camille Chat
66.7%
2012 -
2017
Yoann Maestri
66.5%
1995 -
2001
Richard Dourthe
65.1%
2000 -
2000
Mathieu Dourthe
65%
1997 -
2006
Nicolas Brusque
65%
2001 -
2004
Tony Marsh
64.9%
2002 -
2009
Rémy Martin
64.8%
2017 -
2017
Gabriel Lacroix
64.1%
1998 -
2003
Xavier Garbajosa
64.1%
2012 -
2017
Sébastien Vahaamahina
63.9%
2008 -
2008
Thibault Lacroix
63.8%
2007 -
2012
Julien Pierre
63.2%
2008 -
2015
Sébastien Tillous-Borde
63%
2016 -
2017
Yacouba Camara
62.9%
2016 -
2017
Djibril Camara
62.9%
2015 -
2017
Noa Nakaitaci
62.3%
Première sélection - Dernière sélect
Joueur
% Correct
2008 -
2012
Alexis Palisson
61.8%
1999 -
2003
Gérald Merceron
61.1%
2009 -
2014
Thomas Domingo
61.1%
2017 -
2017
Sébastien Taofifénua
60.8%
2007 -
2017
Damien Chouly
60.3%
2016 -
2017
Jefferson Poirot
60.3%
2008 -
2015
Benjamin Kayser
60.2%
2012 -
2017
Romain Taofifénua
60%
2013 -
2017
Eddy Ben Arous
58.6%
2000 -
2007
Olivier Milloud
58.1%
2008 -
2011
Fabien Barcella
58.1%
2002 -
2008
Sébastien Bruno
58%
2014 -
2017
Charles Ollivon
57.6%
1994 -
2003
Olivier Brouzet
57.4%
2016 -
2017
Cyril Baille
57.3%
2008 -
2012
Julien Malzieu
57.1%
1988 -
2000
Marc Dal Maso
57%
2013 -
2015
Rémi Talès
57%
1991 -
2001
Jean-Luc Sadourny
56.9%
2003 -
2005
Brian Liebenberg
56.8%
2010 -
2016
Wenceslas Lauret
56.6%
2011 -
2017
Jean-Marc Doussain
56.4%
2009 -
2012
Julien Dupuy
56.3%
1999 -
2004
David Auradou
55.8%
2016 -
2017
Kevin Gourdon
55.2%
1995 -
2000
Franck Tournaire
55.1%
1996 -
2004
Jean-Jacques Crenca
54.6%
2006 -
2015
Vincent Debaty
54.3%
2001 -
2008
Elvis Vermeulen
54%
2014 -
2017
Rémi Lamerat
53%
1995 -
2001
Christophe Juillet
53%
2009 -
2014
Alexandre Lapandry
52.2%
2016 -
2017
Jonathan Danty
51.4%
2015 -
2017
Loann Goujon
50.8%
2013 -
2015
Sofiane Guitoune
50.8%
1996 -
2001
Stéphane Glas
50.6%
2005 -
2011
Romain Millo-Chluski
50.6%
1999 -
2003
Christian Labit
50.4%
2001 -
2008
Pépito Elhorga
49.6%
2013 -
2016
Alexandre Flanquart
49.2%
2017 -
2017
Arthur Iturria
49.1%
2004 -
2004
Julien Peyrelongue
49%
2017 -
2017
Sekou Macalou
48.9%
2009 -
2013
Benjamin Fall
48.9%
2016 -
2016
Sébastien Bézy
48.9%
2010 -
2013
Luc Ducalcon
48.2%
2015 -
2015
Rémy Grosso
47.8%
2001 -
2002
Nicolas Jeanjean
47.8%
2008 -
2009
Yann David
47.8%
1994 -
2005
Yann Delaigue
47.4%
2017 -
2017
Paul Gabrillagues
47%
2017 -
2017
Geoffrey Doumayrou
46.7%
1995 -
2001
Philippe Carbonneau
45.8%
2005 -
2007
Julien Laharrague
45.7%
2007 -
2007
Nicolas Laharrague
45.7%
1998 -
2001
Thomas Lombard
45.7%
2017 -
2017
Henry Chavancy
45.6%
2005 -
2010
Grégory Lamboley
45.5%
2001 -
2005
Thibaut Privat
45.4%
2005 -
2009
Benoît Baby
45.4%
2008 -
2008
Ibrahim Diarra
45.1%
2011 -
2016
Raphaël Lakafia
45.1%
2007 -
2007
Nicolas Durand
44.8%
2001 -
2003
Jean Bouilhou
44.7%
2009 -
2010
Julien Arias
44.2%
2008 -
2011
Julien Tomas
44.2%
2000 -
2003
David Bory
44%
2012 -
2017
Christopher Tolofua
43.9%
2016 -
2017
Paul Jedrasiak
43.9%
2017 -
2017
Anthony Belleau
43.6%
2014 -
2016
Hugo Bonneval
43.5%
2008 -
2008
Anthony Floch
43.4%
2014 -
2015
Alexandre Dumoulin
43.2%
2017 -
2017
Anthony Jelonch
42.9%
1998 -
2005
Jimmy Marlu
42.9%
2006 -
2008
Loïc Jacquet
42.6%
2017 -
2017
Vincent Rattez
42.4%
2010 -
2011
Fabrice Estebanez
41.8%
2010 -
2010
Jérôme Porical
41.6%
2004 -
2004
Pierre Rabadan
41.6%
2014 -
2017
Xavier Chiocci
41.5%
2007 -
2007
Benoît August
41.3%
1990 -
2000
Aubin Hueber
41%
2010 -
2013
Marc Andreu
41%
2014 -
2016
Antoine Burban
40.8%
2001 -
2005
Patrick Tabacco
40.7%
2001 -
2003
François Gelez
40.2%
2013 -
2013
Jonathan Pélissié
39.8%
Première sélection - Dernière sélect
Joueur
% Correct
2007 -
2007
Mickaël Forest
39.1%
2017 -
2017
Judicaël Cancoriet
38.9%
2017 -
2017
Nans Ducuing
38.6%
2013 -
2014
Antonie Claassen
38.2%
2008 -
2009
Lionel Faure
36.7%
2016 -
2017
Julien Le Devedec
36.6%
2012 -
2014
Yannick Forestier
36.5%
1994 -
2000
Arnaud Costes
36.4%
1996 -
2001
Christophe Moni
36.4%
2005 -
2005
Denis Avril
36.2%
2017 -
2017
Raphaël Chaume
34.9%
2013 -
2013
Daniel Kotze
34.8%
1998 -
2001
Franck Comba
34.7%
2005 -
2005
Julien Candelon
34.5%
2012 -
2012
Jean-Marcellin Buttin
34.4%
1995 -
2002
Olivier Azam
34%
2000 -
2001
Fabrice Landreau
33.4%
2016 -
2016
Rémi Bonfils
33.2%
2007 -
2007
Grégory Le Corvec
32.8%
2008 -
2008
Arnaud Méla
32.8%
1999 -
2000
Cédric Desbrosse
32.3%
1999 -
2000
Christophe Laussucq
31.8%
2012 -
2013
Christophe Samson
31.6%
2000 -
2000
Patrice Collazo
31.4%
2006 -
2008
Benjamin Boyet
31.3%
2012 -
2015
Jocelino Suta
31.3%
2016 -
2017
Clément Maynadier
31%
2017 -
2017
Fabien Sanconnie
30.6%
1996 -
2000
David Venditti
30.5%
2004 -
2008
David Couzinet
30.2%
2000 -
2002
Alexandre Audebert
30%
2004 -
2006
Philippe Bidabé
29.2%
2008 -
2009
Benoît Lecouls
29.1%
2010 -
2010
Benjamin Noirot
28.9%
2007 -
2007
Jean-François Coux
28.3%
2009 -
2009
Julien Puricelli
28.3%
2002 -
2003
Jean-Baptiste Rué
28.1%
2005 -
2007
Jean-Philippe Grandclaude
28%
2007 -
2007
Olivier Olibeau
27.7%
2002 -
2002
Alexandre Albouy
27.7%
2008 -
2008
Yannick Caballero
27.2%
2002 -
2002
Steven Hall
27%
2004 -
2004
Alexandre Péclier
26.7%
2014 -
2015
Alexandre Menini
26.7%
2016 -
2016
Fabrice Metz
26.6%
2016 -
2016
Kélian Galletier
26.4%
2013 -
2013
Adrien Planté
26.4%
2016 -
2016
Julien Rey
26.1%
2014 -
2014
Félix Le Bourhis
26%
2008 -
2008
Julien Brugnaut
25.9%
2007 -
2007
Arnaud Mignardi
25.5%
2010 -
2010
Jérôme Schuster
25.2%
2004 -
2004
Bernard Goutta
25%
1999 -
2000
Lionel Mallier
24.7%
2006 -
2006
Guillaume Boussès
24.7%
2002 -
2002
Christophe Porcu
24.2%
2016 -
2016
Lucas Pointud
24.2%
2000 -
2000
Legi Matiu
23.9%
2016 -
2016
William Demotte
23.7%
2006 -
2012
David Attoub
23.6%
2012 -
2012
Yvan Watremez
23.5%
2016 -
2016
Xavier Mignot
23.5%
2002 -
2004
Arnaud Martinez
23.3%
2001 -
2001
Christophe Milhères
23.2%
2004 -
2007
Ludovic Valbon
23.2%
2017 -
2017
Mohamed Boughanmi
22.5%
2000 -
2000
Franck Belot
22.5%
2008 -
2009
Renaud Boyoud
22.2%
2007 -
2010
Lionel Mazars
22.2%
2004 -
2004
Ludovic Loustau
21.7%
2004 -
2004
Mathieu Barrau
21.5%
2008 -
2008
Jean-Baptiste Peyras-Loustalet
19.9%
2007 -
2007
Franck Montanella
19.7%
2000 -
2001
Alessio Galasso
19.1%
2000 -
2000
Jean Daudé
19%
2008 -
2008
David Janin
18.7%
2000 -
2000
Jean-Marc Souverbie
18%
2000 -
2000
Jean-Charles Cistacq
17.4%
2007 -
2007
Olivier Sourgens
17.1%
2008 -
2008
Pierre Corréia
17.1%
2001 -
2001
Sébastien Bonetti
17.1%
2004 -
2004
Romain Froment
16.7%
2007 -
2008
Benjamin Thiéry
16.6%
2000 -
2000
Frédéric Cermeno
16.4%
1997 -
2000
Pierre Bondouy
15.9%
2000 -
2000
Fabrice Lalanne
15.2%
Quiz Playlist
Details
Report
Send in Message
Add To Playlist
Classic:
Type in answers that appear in a list
Last Updated: Nov 20, 2017
Quiz Scoreboard
CHALLENGE
Sign Up to Join the Scoreboard
Show All
Scores
Hide
Comments
May contain spoilers
Recently Published
Billboard Blitz: Fleetwood Mac
by CooCooCachoo
Music
15s
Presidents Visiting Landmarks
by Hejman
History
7m
An Introduction to Baseball
by treessimontrees
Sports
5m
More to Explore
Quiz From the Vault
Featured Blog Post
Where Did the Easter Bunny Come From?
hide this ad
You Might Also Like...
Tags
Rugby Quiz
2000
Equipe
France
les
poste
Premiere
select
selection
Today's Top Quizzes in Sports
Browse Sports
hide this ad
Today's Top Quizzes in Rugby
Browse Rugby
Top Contributed Quizzes in Sports
1
Les meilleurs buteurs des matchs entre le PSG et l’OM
2
2022 World Cup Stars
3
FIFA Club World Cup Champions
4
Les entraîneurs de l'OM et du PSG au 21e siècle
5
Criteria MLB: Left Handed Sluggers
6
Name the Premier League winners with different clubs
7
5-to-1: UK Sports Teams
8
AFC Teams Reveal (Wrong Answers Minefield)
9
Players with Multiple 50 Home Run Seasons
10
5-to-1: FBS Animal Nicknames
Explore More
Trending Topics
Kpop
Crossword
Anime
Disney
NBA
Harry Potter
Marvel
Puzzle
The Office
Country
NFL
Song
WWE
Pokémon
Soccer
hide this ad
More By:
thalam56
Quiz
Plays
Rating
Category
Featured
Created
Rugby - Sélectionnés en équipe de France depuis 2000
2,082
4.00
Sports
Sep 11, 2017
Football - Joueur du mois Ligue 1 UNFP (2003 - 2019)
1,787
5.00
Sports
Aug 31, 2017
Football - Matchs de Légende - Equipe de France
1,643
Sports
Sep 6, 2017
Omnisport - Top 10 France depuis 2007
1,477
Sports
Sep 14, 2017
Tennis - Membres du Top 10 ATP depuis 1985
1,282
5.00
Sports
Sep 1, 2017
Go to Creator's Profile
Score Distribution
Quiz Creator Spotlight
thalam56
Follow
Send a Message
Quizzes Created
-
Created Quiz Play Count
-
More By This Creator
Popular Quizzes Today
1
Find the US States - No Outlines Minefield
2
Find the Countries of Europe - No Outlines Minefield
3
The Countries of the World
4
Find the US States
5
Risky Map Clicking: Biggest States A-Z
6
US States
7
Popular People in 1961
8
Movies - When Are They Set?
More Sports Quizzes
100 Years of Soccer Stars
Editor's Pick
Trending Quizzes
Risky Map Clicking: Least Populous States A-Z
1-10 Letter G Words
1-10 Letter F Words
Risky Map Clicking: Next State Alphabetically
Risky Map Clicking: Biggest States A-Z
Recently Updated
Leaping Animals
pecheneg
Reality TV Shows (A-Z)
bhenderson79
Rickey Henderson's Hall of Fame Teammates
pecheneg
Champions League XIs: Arsenal
pecheneg
Quick Pick: Celebrities in WWE's Hall of Fame
aduchscher
A-Z Keypad Blitz II
pecheneg
Multiple Oscar Actors
pecheneg
Mystery Phrase Blitz: Oscar 'Best Actors'
pecheneg
F. Scott Fitzgerald Novels
LTH
Pick 3 Villains
ddd62291
Trending Topics
Anime
NBA
Disney
Harry Potter
Kpop
Crossword
Marvel
Puzzle
WWE
Pokémon
Song
The Office
Country
NFL
Soccer
Your Account Isn't Verified!
In order to create a playlist on Sporcle, you need to verify the email address you used during registration. Go to your
Sporcle Settings
to finish the process.
Report this User
Report this user for behavior that violates our
Community Guidelines
.
Details:
Send Report
Go to the Sporcle.com Mobile Site →
Comments